Exposure draft (Record no. 111804)

MARC details
000 -LEADER
fixed length control field 01411cad a22002055a 4500
001 - CONTROL NUMBER
control field L152023
008 - FIXED-LENGTH DATA ELEMENTS--GENERAL INFORMATION
fixed length control field 110126s2011 xxk f 000 0 eng d
035 ## - SYSTEM CONTROL NUMBER
System control number (Sirsi) u152023
041 0# - LANGUAGE CODE
Language code of text/sound track or separate title eng
050 04 - LIBRARY OF CONGRESS CALL NUMBER
Classification number 333.332091 $2 18
110 2# - MAIN ENTRY--CORPORATE NAME
Corporate name or jurisdiction name as entry element International Valuation Standards Council
9 (RLIN) 5828
245 00 - TITLE STATEMENT
Title Exposure draft
Remainder of title technical information paper 1: the discounted cash flow (DCF) method, real property and business valuations January 2011
Medium [electronic resource]
260 ## - PUBLICATION, DISTRIBUTION, ETC.
Place of publication, distribution, etc. London
Name of publisher, distributor, etc. IVSC
Date of publication, distribution, etc. 2011
520 ## - SUMMARY, ETC.
Summary, etc. Published by the International Valuation Professional Board this exposure draft will replace the current GN9 "Discounted cash flow analysis for market valuations and investment analyses" (revised 2007). The objective of this paper is to describe the discounted cash flow (DCF) method and its application for the valuation of businesses and real property interests. It describes best practice in performing and reporting valuations using the DCF method. It also considers the different inputs that are appropriate for valuations where market value is the objective and those where investment value is required. Comments are invited before 30 April 2011.
590 ## - LOCAL NOTE (RLIN)
Local note KA NTK
651 #4 - SUBJECT ADDED ENTRY--GEOGRAPHIC NAME
Geographic name International
690 ## - LOCAL SUBJECT ADDED ENTRY--TOPICAL TERM (OCLC, RLIN)
Topical term or geographic name as entry element PROPERTY-PROPERTY APPRAISAL AND VALUATION
856 48 - ELECTRONIC LOCATION AND ACCESS
Uniform Resource Identifier <a href="https://www.ivsc.org/pubs/exp_drafts/1101_dcf_method.pdf">https://www.ivsc.org/pubs/exp_drafts/1101_dcf_method.pdf</a>
Public note View the document free of charge at www.ivsc.org
942 ## - ADDED ENTRY ELEMENTS (KOHA)
Suppress in OPAC 0
Holdings
Withdrawn status Lost status Source of classification or shelving scheme Damaged status Not for loan Home library Current library Shelving location Date acquired Total Checkouts Full call number Barcode Date last seen Copy number Price effective from Koha item type
    Dewey Decimal Classification     Virtual Virtual Online 25/01/2011   ONLINE PUBLICATION 152023-2001 06/08/2019 1 06/08/2019 Book